Greener than you think.

Bibliographic Details
Main Author: Moore, Ward, 1903-1978
Format: Book
Language:English
Published: New York : W. Sloane Associates, [1947]
Edition:[1st ed.].

MARC

Tag First Indicator Second Indicator Subfields
LEADER 00000cam a2200000 4500
001 in00000049740
005 20151007073734.0
008 750110s1947 nyu 00001 eng
010 |a  47031071  
035 |a (OCoLC)01136813 
035 |9 AAF0282AM 
040 |c NAM  |d TXA  |d UtOrBLW 
049 |a TXAS  |c [1102938] 
050 0 0 |a PZ3.M788  |b Gr 
100 1 |a Moore, Ward,  |d 1903-1978. 
245 1 0 |a Greener than you think. 
250 |a [1st ed.]. 
264 1 |a New York :  |b W. Sloane Associates,  |c [1947] 
264 4 |c [©1947] 
300 |a 358 pages ;  |c 22 cm. 
336 |a text  |b txt  |2 rdacontent 
337 |a unmediated  |b n  |2 rdamedia 
338 |a volume  |b nc  |2 rdacarrier 
999 |a MARS 
999 f f |s 067b81a8-b71e-3548-88d2-2eb31896bc9e  |i 3b4771e0-6096-344b-be57-28f4da4e6468  |t 0 
952 f f |p noncirc  |a Texas A&M University  |b College Station  |c Cushing Memorial Library & Archives  |d Cushing: Science Fiction (Does not check out)  |t 0  |e PZ3.M788 Gr  |h Library of Congress classification  |i unmediated -- volume  |m A14800421871 
998 f f |a PZ3.M788 Gr  |t 0  |l Cushing: Science Fiction (Does not check out)